000 04587nam a22004577a 4500
005 20090216101146.0
008 090216t xxu||||| |||| 00| 0 eng d
010 _aB-348836-854
020 _a9788190461139
_c120.00
035 _aB-348836-854
037 _bUBH
040 _adpl
_bEnglish
082 _a303.66079
100 _aJain, Gagan
245 _aNobel prize winners for peace /
_cby Gagan Jain
250 _a3rd rev. ed.
260 _aDelhi
_bThree Ess Publications
_c2009
270 _aDA/5, Gali No-6 Main Kanjhwala Road,Rama Vihar
_bDelhi
_e110081
_mthreespublications@yahoo.com
300 _a312p.
_c22cm.(pbk)
942 _2ddc
_cEN
_mJAI
_h303.66079
999 _c23775
_d23775